| Record ID | marc_loc_2016/BooksAll.2016.part36.utf8:50646501:1186 |
| Source | Library of Congress |
| Download Link | /show-records/marc_loc_2016/BooksAll.2016.part36.utf8:50646501:1186?format=raw |
LEADER: 01186cam a22003014a 4500
001 2008501083
003 DLC
005 20121026085342.0
008 081126s2009 at a b 001 0 eng
010 $a 2008501083
020 $a9781423901945
020 $a1423901940
040 $aDLC$cDLC$dDLC
042 $apcc
050 00 $aTK5105.888$b.F36 2009
082 00 $a006.7$222
100 1 $aSklar, Joel.
245 10 $aPrinciples of Web design /$cJoel Sklar.
260 $aAustralia ;$aUnited States :$bCourse Technology, Cengage Learning,$cc2009.
300 $axx, 476 p. :$bill. ;$c24 cm.
440 0 $aAllyn and Bacon series in technical communication
500 $aRev. ed. of: Principles of Web design / David K. Farkas, Jean B. Farkas.
500 $aIncludes index.
650 0 $aWeb sites$xDesign.
700 1 $aFarkas, David$q(David K.)$tPrinciples of Web design.
856 42 $3Publisher description$uhttp://www.loc.gov/catdir/enhancements/fy1215/2008501083-d.html
856 41 $3Table of contents only$uhttp://www.loc.gov/catdir/enhancements/fy1215/2008501083-t.html
856 42 $3Contributor biographical information$uhttp://www.loc.gov/catdir/enhancements/fy1302/2008501083-b.html